书目信息 |
| 题名: |
素书
|
|
| 作者: | 黄石公, 著 ;冯慧娟 编 | |
| 分册: | ||
| 出版信息: | 长春 吉林出版集团有限责任公司 2015.1 |
|
| 页数: | 157页 | |
| 开本: | 22cm | |
| 丛书名: | 全民阅读·经典小丛书 | |
| 单 册: | ||
| 中图分类: | E892.33 | |
| 科图分类: | ||
| 主题词: | 兵法--bing fa--中国--秦代 | |
| 电子资源: | ||
| ISBN: | 978-7-5534-7758-9 | |
| 000 | 01027nam 2200265 450 | |
| 001 | 2368868696 | |
| 005 | 20231109141641.66 | |
| 010 | @a978-7-5534-7758-9@dCNY32.00 | |
| 100 | @a20160316d2015 em y0chiy50 ea | |
| 101 | 0 | @achi |
| 102 | @aCN@b220000 | |
| 105 | @aa z 000yy | |
| 200 | 1 | @a素书@Asu shu@f(西汉) 黄石公著@g冯慧娟编 |
| 210 | @a长春@c吉林出版集团有限责任公司@d2015.1 | |
| 215 | @a157页@c图@d22cm | |
| 225 | 2 | @a全民阅读·经典小丛书@Aquan min yue du · jing dian xiao cong shu@v034 |
| 330 | @a《素书》分为六章, 共计一千三百六十字, 字字珠玑, 把道、德、仁、义、礼综为一体, 融会贯通, 发人深省。本书除采取逐句翻译的方式外, 还从读者的角度出发, 对生僻费解之处, 进行了较详尽的阐述, 提供给读者更多的思考空间。 | |
| 410 | 0 | @12001 @a全民阅读·经典小丛书@v034 |
| 605 | @a素书@Asu shu@x译文 | |
| 606 | 0 | @a兵法@Abing fa@y中国@z秦代 |
| 690 | @aE892.33@v5 | |
| 701 | 0 | @a黄石公,@Ahuang shi gong@f西汉时代@4著 |
| 702 | 0 | @a冯慧娟@Afeng hui juan@4编 |
| 801 | 0 | @aCN@b山东中教@c20230926 |
| 905 | @aBZT@dE892.33@e3 | |
| 素书/(西汉) 黄石公著/冯慧娟编.-长春:吉林出版集团有限责任公司,2015.1 |
| 157页:图;22cm.-(全民阅读·经典小丛书;034) |
| ISBN 978-7-5534-7758-9:CNY32.00 |
| 《素书》分为六章, 共计一千三百六十字, 字字珠玑, 把道、德、仁、义、礼综为一体, 融会贯通, 发人深省。本书除采取逐句翻译的方式外, 还从读者的角度出发, 对生僻费解之处, 进行了较详尽的阐述, 提供给读者更多的思考空间。 |
| ● |
| 相关链接 |
|
|
|
正题名:素书
索取号:E892.33/3
 
预约/预借
| 序号 | 登录号 | 条形码 | 馆藏地/架位号 | 状态 | 备注 |
| 1 | 2000958143 | 2000958143 | 第四书库/四5架B面1层1列/ [索取号:E892.33/3] | 在馆 | |
| 2 | 2000958144 | 2000958144 | 第四书库/四5架B面1层1列/ [索取号:E892.33/3] | 在馆 | |
| 3 | 2000958145 | 2000958145 | 第四书库/四5架B面1层1列/ [索取号:E892.33/3] | 在馆 | |
| 4 | 2000958146 | 2000958146 | 第四书库/四5架B面1层1列/ [索取号:E892.33/3] | 在馆 | |
| 5 | 2000958147 | 2000958147 | 第四书库/四5架B面1层1列/ [索取号:E892.33/3] | 在馆 | |
| 6 | 2000958148 | 2000958148 | 第四书库/四5架B面1层1列/ [索取号:E892.33/3] | 在馆 |